BSOP header

A Monument to religious nationalism : (Record no. 49342)

MARC details
000 -LEADER
fixed length control field 00667nam a22002050 4500
001 - CONTROL NUMBER
control field 9719207507
005 - DATE AND TIME OF LATEST TRANSACTION
control field 20200213163549.0
008 - FIXED-LENGTH DATA ELEMENTS--GENERAL INFORMATION
fixed length control field 020909s1999
020 ## - INTERNATIONAL STANDARD BOOK NUMBER
International Standard Book Number 9719207507.
100 1# - MAIN ENTRY--PERSONAL NAME
Personal name Trinidad, Ruben F.
245 12 - TITLE STATEMENT
Title A Monument to religious nationalism :
Remainder of title history and polity of the IEMELIF church /
Statement of responsibility, etc Ruben F. Trinidad.
260 ## - PUBLICATION, DISTRIBUTION, ETC. (IMPRINT)
Place of publication, distribution, etc Quezon City :
Name of publisher, distributor, etc Evangelical Methodist Church in the Philippines,
Date of publication, distribution, etc 1999.
300 ## - PHYSICAL DESCRIPTION
Extent xiii, 464 p. ;
Dimensions 23 cm.
336 ## - CONTENT TYPE
Content Type Term text
337 ## - MEDIA TYPE
Media Type Term unmediated
338 ## - CARRIER TYPE
Carrier Type Term volume
650 ## - SUBJECT ADDED ENTRY--TOPICAL TERM
Topical term or geographic name as entry element Methodism.
710 2# - ADDED ENTRY--CORPORATE NAME
Corporate name or jurisdiction name as entry element Iglesia Evangelica Metodista en las Islas Filipinas(IEMELIF).
942 ## - ADDED ENTRY ELEMENTS (KOHA)
Source of classification or shelving scheme Library of Congress Classification
Item type Books
Holdings
Withdrawn status Lost status Source of classification or shelving scheme Damaged status Not for loan Home library Current library Shelving location Date acquired Inventory number Total Checkouts Full call number Barcode Date last seen Price effective from Koha item type
    Library of Congress Classification     BSOP Library BSOP Library Filipiniana 02/13/2020 21724   BX8316.P6 T73 00057197 02/13/2020 02/13/2020 Books
BSOP

Biblical Seminary of the Philippines
  All rights Reserved
  © 2024

CONTACT INFORMATION

Biblical Seminary of the Philippines,
  77-B Karuhatan Road, Valenzuela City,
  PHILIPPINES 1441
  Phone: +632 8292-6795 / 8292-6798
  Fax : +632 8292-6675
  Email: library@bsop.edu.ph